| 000 | 00534nam a22001697a 4500 | ||
|---|---|---|---|
| 005 | 20150811112732.0 | ||
| 010 | _a1516EN07 | ||
| 020 |
_a9789351433156(v.II) _c1350.00 |
||
| 037 |
_adpl _bAsian Book Centre/Ven |
||
| 245 | _aJigeesha's general studies-V II | ||
| 260 |
_aGurgaon _bLexis Nexis _c2015 |
||
| 270 |
_a14th Floor, Building No. 10, Tower-B, DLF Cyber City Phase-II _bGurgaon _e122002 |
||
| 300 |
_aV.p. _c28cm(pbk) |
||
| 490 | _aCatapult test prep series | ||
| 500 | _afor civil services main examination | ||
| 942 |
_2ddc _cEN |
||
| 999 |
_c95666 _d95666 |
||